000 00380nam a2200157Ia 4500
003 Ost
005 20260225132559.0
008 260225s9999||||xx |||||||||||||| ||und||
040 _cfsic
041 _afre
082 _a302.23
100 _aROBERT ESCARPIT
_eAuteur
245 0 _aThéorie de l'information et pratique politique /
245 0 _cROBERT ESCARPIT
942 _cكتاب
999 _c34648
_d34648